LEADER 00964nam1-2200361---450- 001 990000443970203316 035 $a0044397 035 $aUSA010044397 035 $a(ALEPH)000044397USA01 035 $a0044397 100 $a20010514d1991----km-y0itay0103----ba 101 $aita 102 $aIT 105 $a||||||||001yy 200 1 $a<> cittą e le leggi$fMarcello Caleo 210 $aSalerno$cDottrinari$d1991 215 $av$d22 cm 410 $12001 461 1$1001-------$12001 606 0 $aCittą$xStoria 606 0 $aCittą$xConcezione filosofia$xStoria 676 $a307.7609 700 1$aCALEO,$bMarcello$0280799 801 0$aIT$bsalbc$gISBD 912 $a990000443970203316 951 $aIV C 2464$bLM$cIV C 959 $aBK 969 $aUMA 979 $aPATTY$b90$c20010514$lUSA01$h1214 979 $c20020403$lUSA01$h1652 979 $aPATRY$b90$c20040406$lUSA01$h1631 996 $aCittą e le leggi$9890385 997 $aUNISA LEADER 00893nam0-22002771i-450- 001 990006243820403321 005 19980601 035 $a000624382 035 $aFED01000624382 035 $a(Aleph)000624382FED01 035 $a000624382 100 $a19980601d1904----km-y0itay50------ba 105 $a--------00-yy 200 1 $a<>Donazioni tra vivi e la legittima del patrono nel diritto romano classico$fmemoria di Flaminio Mancaleoni. 210 $aPrato$cTip. Giachetti$d1904 463 $d$1200$aStudi in onore di Vittorio Scialoja 676 $a346.3705 700 1$aMancaleoni,$bFlaminio$0236216 801 0$aIT$bUNINA$gRICA$2UNIMARC 901 $aBK 912 $a990006243820403321 952 $aDONO SCUTO BUSTA 1$b29149*$fFGBC 959 $aFGBC 996 $aDonazioni tra vivi e la legittima del patrono nel diritto romano classico$9638763 997 $aUNINA DB $aGIU01 LEADER 01114nam--2200361---450- 001 990002734880203316 005 20060412125700.0 035 $a000273488 035 $aUSA01000273488 035 $a(ALEPH)000273488USA01 035 $a000273488 100 $a20060412d1997----km-y0itay0103----ba 101 $aita 102 $aIT 105 $a||||||||001yy 200 1 $aTelebank$eteoria e pratica della banca virtuale$fBanca Virtuale Europea : International Institute for Interchange on Ciphermatics and Virtual Issues 210 $aMilano$cBVE$d1997 215 $a837 p.$cill.$d26 cm 410 0$12001 454 1$12001 461 1$1001-------$12001 606 0 $aBanca virtuale 676 $a332.0 710 02$aBanca Virtuale Europea : International Institute for Interchange on Ciphermatics and Virtual Issues$0593062 801 0$aIT$bsalbc$gISBD 912 $a990002734880203316 951 $aP11 466$bDISTRA 959 $aBK 969 $aDISTRA 979 $aDISTRA1$b90$c20060412$lUSA01$h1255 979 $aDISTRA1$b90$c20060412$lUSA01$h1257 996 $aTelebank$9998743 997 $aUNISA